Hacia una propuesta de educación primaria para el Perú : alternativas pedagógicas y de gestión.

Guardat en:
Dades bibliogràfiques
Autor principal: Ramírez de Sánchez-Moreno, Eliana (autor)
Format: Llibre
Idioma:espanyol
Matèries:
Etiquetes: Afegir etiqueta
Sense etiquetes, Sigues el primer a etiquetar aquest registre!

MARC

LEADER 00000cam^a2200000uu^4500
001 000485682
005 20250521000000.0
008 032608s1997^^^^^^^^^^^^rd^r^^000^0^spa^d
009 20260310125204.162
035 |a FCE 000028758 
035 |a FCE 027945 
037 |a Acervo ITESO - Biblioteca 
041 |a spa 
082 0 4 |a 379.85  |b FORO 5 
100 |a Ramírez de Sánchez-Moreno, Eliana  |e (autor) 
245 1 0 |a Hacia una propuesta de educación primaria para el Perú :  |b alternativas pedagógicas y de gestión. 
264 |a Lima :  |b Foro Educativo,  |c 1997. 
300 |a 156 p. 
336 |a texto  |b txt  |2 rdacontenido 
337 |a sin mediación  |b n  |2 rdamedio 
338 |a volumen  |b nc  |2 rdasoporte 
649 |a XX 
650 |a Estadísticas educativas 
650 |a Desarrollo de la educación 
650 |a Educación básica 
650 |a Alternativas educativas 
650 |a Gestión 
650 |a Investigación educativa 
650 |a Políticas de educación 
650 |a Propuesta de reforma 
650 |a Perú 
910 |a Fondo Centro de Estudios Educativos 
920 |a Impresos - Libros 
930 |a Fondos Especiales 
905 |a 133 
901 |a ALE027945  |b IT2  |c CEE  |u 20250521 
901 |a ALE044275  |b IT2  |c CEE  |u 20250521 
902 |a https://opac.biblio.iteso.mx/vufind/Record/000485682